Fit to compete : (Record no. 53815)

MARC details
000 -LEADER
fixed length control field 00486nam a2200145Ia 4500
005 - DATE AND TIME OF LATEST TRANSACTION
control field 20260430133740.0
008 - FIXED-LENGTH DATA ELEMENTS--GENERAL INFORMATION
fixed length control field 260429s9999||||xx |||||||||||||| ||und||
020 ## - INTERNATIONAL STANDARD BOOK NUMBER
International Standard Book Number 9781633692305
082 ## - DEWEY DECIMAL CLASSIFICATION NUMBER
Classification number 658.45
Item number BEE
100 ## - MAIN ENTRY--PERSONAL NAME
Personal name Beer, Michael
245 #0 - TITLE STATEMENT
Title Fit to compete :
Remainder of title why honest conversations about your company's capabilities are the key to a winning strategy /
Statement of responsibility, etc Michael Beer
260 ## - PUBLICATION, DISTRIBUTION, ETC. (IMPRINT)
Place of publication, distribution, etc Boston :
Name of publisher, distributor, etc Harvard Business Review Press,
Date of publication, distribution, etc 2020.
300 ## - PHYSICAL DESCRIPTION
Extent xiv, 285 p.; hb
942 ## - ADDED ENTRY ELEMENTS (KOHA)
Koha item type Coaching cell/ UGC NET Cell
Holdings
Withdrawn status Lost status Damaged status Not for loan Home library Location Shelving location Date of Cataloging Source of acquisition Total Checkouts Full call number Barcode Date last seen Price effective from Koha item type
        CUTN Central Library CUTN Central Library Medicine, Technology & Management 30/04/2026 UGC NET cell books   658.45 BEE 55457 30/04/2026 30/04/2026 Coaching cell/ UGC NET Cell